| 000 | 02573nam a2200421 c 4500 | ||
|---|---|---|---|
| 999 |
_c4805 _d4805 |
||
| 003 | BLK | ||
| 005 | 20230301150818.0 | ||
| 008 | 180412b bul|||||r ||||||| ||bul|| | ||
| 010 | _aKNG00005970000 | ||
| 020 | _a954-520-044-8 | ||
| 040 | _aBLK | ||
| 041 |
_aBUL _cBUL |
||
| 080 |
_aИстория на Втората световна война (1939-1945) _b94(100)"1939/1945" _x(093.3) _z94(100)"1939/1945"(093.3) |
||
| 080 |
_aПсихотерапия - Психодрама, лечение по системата на йогите, колективна психотерапия, терапевтично влияние на музиката, изкуство. Медитация - психотерапевтични аспекти. Самовнушение. Вж и 616.89 _b615.851 _z615.851 |
||
| 080 |
_aЗаведения за изпълнение на наказанието. Заведения за трудова терапия - Затвори, принудителна работа, наказателни колонии, концентрационни лагери, възпитателни заведения и др. _b343.81 _x.000.159.9 _z343.81.000.159.9 |
||
| 100 | 1 |
_aФранкъл, Виктор Емил _eпърви автор _9249206 |
|
| 139 |
_aФранкъл, Виктор Емил _bФ 76 |
||
| 245 | 1 | 0 |
_aСмисълът в живота _bУвод в логотерапията _cВиктор Емил Франкъл; прев. от англ. Харалан Александров. |
| 257 | _aUSA | ||
| 260 |
_bФонд. Отворено о-во _c1994 |
||
| 300 |
_a168 с. _c21 см |
||
| 380 | _a9 | ||
| 490 | 1 | _aПоредица Бележити произведения от бележити учени | |
| 500 | _aОриг. загл. Man's Search for Meaning / Viktor E. Frankl. - Библиогр. с. 137-168. | ||
| 650 | 4 |
_aЛекари-концлагеристи - Втора световна война - спомени _9160206 |
|
| 650 | 4 |
_aЗатворници - психология и поведение _9249208 |
|
| 650 | 4 |
_aПсихотерапия _9168415 |
|
| 650 | 4 |
_aЕкзистенциализъм _9154450 |
|
| 653 | _aВтора световна война | ||
| 653 | _aконцлагеристи | ||
| 653 | _aспомени | ||
| 700 | 1 |
_aАлександров, Харалан _eпрев. от англ. _9249207 |
|
| 852 | _aЦб 181038 | ||
| 856 | 4 |
_qpdf _u |
|
| 856 | 4 |
_qpdf _u |
|
| 942 |
_cKNG _n0 _09 _s1 |
||
| 944 |
_aCR _c15.01.2003 _lф / _kAB_DOS |
||
| 944 |
_aED _c25.11.2016 _lф / _kЛюдмила_Стоянова |
||
| 999 | _d4805 | ||